| 000 | 00814nam a2200253Ia 4500 | ||
|---|---|---|---|
| 003 | GCL | ||
| 008 | 140319s9999 xx 000 0 ara d | ||
| 040 |
_aGCL / _cGCL |
||
| 082 | 0 | 4 |
_a797.23 _bم غ |
| 100 | 1 | _aمحسن مختار الجوهرى | |
| 245 | 1 | 0 |
_aالغوص علم ورياضة / _cمحسن مختار الجوهرى |
| 260 |
_a[S.N] : _bد. ن ، _c2006 |
||
| 300 |
_a300 ص ؛ _c24 سم |
||
| 490 |
_aموسوعة الغطس _v1 |
||
| 650 | 0 | 4 | _aالسباحة تحت الماء |
| 650 | 0 | 4 | _aالغطس |
| 650 | 0 | 4 | _aاعماق البحار |
| 650 | 0 | 4 | _aالغطس - اجهزة ومعدات |
| 650 | 0 | 4 | _aالامواج |
| 650 | 0 | 4 | _aالامواج - سرعة |
| 650 | 0 | 4 | _aالغطاسون - الاسعافات الاولية |
| 650 | 0 | 4 | _aالغطس - امراض |
| 942 |
_2ddc _cBK |
||
| 999 |
_c9642 _d9642 |
||